Creating a world without poverty : (Record no. 129080)
[ view plain ]
| 000 -LEADER | |
|---|---|
| fixed length control field | 02159cam a2200349 a 4500 |
| 001 - CONTROL NUMBER | |
| control field | 14977096 |
| 003 - CONTROL NUMBER IDENTIFIER | |
| control field | ARRUPE |
| 005 - DATE AND TIME OF LATEST TRANSACTION | |
| control field | 20190222083451.0 |
| 008 - FIXED-LENGTH DATA ELEMENTS--GENERAL INFORMATION | |
| fixed length control field | 070823s2007 nyua 001 0 eng |
| 010 ## - LIBRARY OF CONGRESS CONTROL NUMBER | |
| LC control number | 2007034545 |
| 020 ## - INTERNATIONAL STANDARD BOOK NUMBER | |
| International Standard Book Number | 9781586484934 (hardcover) |
| 020 ## - INTERNATIONAL STANDARD BOOK NUMBER | |
| International Standard Book Number | 1586484931 (hardcover) |
| 035 ## - SYSTEM CONTROL NUMBER | |
| System control number | (OCoLC)ocn167501962 |
| 035 ## - SYSTEM CONTROL NUMBER | |
| System control number | (OCoLC)167501962 |
| Canceled/invalid control number | (OCoLC)148914034 |
| 040 ## - CATALOGING SOURCE | |
| Original cataloging agency | DLC |
| Transcribing agency | DLC |
| Modifying agency | YDX |
| -- | YDXCP |
| -- | BAKER |
| -- | BTCTA |
| -- | DLC |
| 050 00 - LIBRARY OF CONGRESS CALL NUMBER | |
| Classification number | HD60 |
| Item number | .Y86 2007 |
| 082 00 - DEWEY DECIMAL CLASSIFICATION NUMBER | |
| Classification number | 338.7 |
| Edition number | 22 |
| 300 ## - PHYSICAL DESCRIPTION | |
| Other physical details | ill. ; |
| Dimensions | 25 cm. |
| 100 1# - MAIN ENTRY--PERSONAL NAME | |
| Personal name | Yunus, Muhammad, |
| Dates associated with a name | 1940- |
| 9 (RLIN) | 44827 |
| 245 10 - TITLE STATEMENT | |
| Title | Creating a world without poverty : |
| Remainder of title | social business and the future of capitalism / |
| Statement of responsibility, etc | Muhammad Yunus with Karl Weber. |
| 260 ## - PUBLICATION, DISTRIBUTION, ETC. (IMPRINT) | |
| Place of publication, distribution, etc | New York : |
| Name of publisher, distributor, etc | PublicAffairs, |
| Date of publication, distribution, etc | c2007. |
| 300 ## - PHYSICAL DESCRIPTION | |
| Extent | xvii, 261 p. : |
| 500 ## - GENERAL NOTE | |
| General note | Includes index. |
| 505 0# - FORMATTED CONTENTS NOTE | |
| Formatted contents note | Prologue : starting with a handshake -- The promise of social business -- A new kind of business -- Social business : what it is and what it is not -- The Grameen experiment -- The microcredit revolution -- From microcredit to social business -- The battle against poverty : Bangladesh and beyond -- God is in the details -- One cup of yogurt a a time -- A world without poverty -- Broadening the marketplace -- Information technology, globalization, and a transformed world -- Hazards of prosperity -- Putting poverty in museums -- Epilogue: "Poverty is a threat to peace"--the nobel prize lecture. |
| 650 #0 - SUBJECT ADDED ENTRY--TOPICAL TERM | |
| Topical term or geographic name as entry element | Social responsibility of business. |
| 9 (RLIN) | 12958 |
| 650 #0 - SUBJECT ADDED ENTRY--TOPICAL TERM | |
| Topical term or geographic name as entry element | Industries |
| General subdivision | Social aspects. |
| 9 (RLIN) | 44828 |
| 650 #0 - SUBJECT ADDED ENTRY--TOPICAL TERM | |
| Topical term or geographic name as entry element | Poverty |
| General subdivision | Prevention. |
| 9 (RLIN) | 44829 |
| 700 1# - ADDED ENTRY--PERSONAL NAME | |
| Personal name | Weber, Karl, |
| Dates associated with a name | 1953- |
| 9 (RLIN) | 44830 |
| 856 41 - ELECTRONIC LOCATION AND ACCESS | |
| Materials specified | Table of contents only |
| Uniform Resource Identifier | <a href="http://www.loc.gov/catdir/toc/ecip0725/2007034545.html">http://www.loc.gov/catdir/toc/ecip0725/2007034545.html</a> |
| 856 42 - ELECTRONIC LOCATION AND ACCESS | |
| Materials specified | Contributor biographical information |
| Uniform Resource Identifier | <a href="http://www.loc.gov/catdir/enhancements/fy0828/2007034545-b.html">http://www.loc.gov/catdir/enhancements/fy0828/2007034545-b.html</a> |
| 856 42 - ELECTRONIC LOCATION AND ACCESS | |
| Materials specified | Publisher description |
| Uniform Resource Identifier | <a href="http://www.loc.gov/catdir/enhancements/fy0828/2007034545-d.html">http://www.loc.gov/catdir/enhancements/fy0828/2007034545-d.html</a> |
| 906 ## - LOCAL DATA ELEMENT F, LDF (RLIN) | |
| a | 7 |
| b | cbc |
| c | orignew |
| d | 1 |
| e | ecip |
| f | 20 |
| g | y-gencatlg |
| 942 ## - ADDED ENTRY ELEMENTS (KOHA) | |
| Source of classification or shelving scheme | Library of Congress Classification |
| Koha item type | Monograph ( Printed materials) |
| Withdrawn status | Lost status | Source of classification or shelving scheme | Damaged status | Not for loan | Collection code | Home library | Current library | Shelving location | Date acquired | Total Checkouts | Full call number | Barcode | Date last seen | Price effective from | Koha item type |
|---|---|---|---|---|---|---|---|---|---|---|---|---|---|---|---|
| Library of Congress Classification | Main Collection | ARRUPE LIBRARY | ARRUPE LIBRARY | Main Collection | 22/02/2019 | HD60 .Y86 2007 | 46600003925 | 22/02/2019 | 22/02/2019 | Monograph ( Printed materials) |